000
00258nam a2200121Ia 4500
005
20251222143316.0
008
251222s9999||||xx |||||||||||||| ||spa||
082
_a
256.7/R77
100
_a
Roguet, A.M.
245
0
_a
La Messe
264
_b
Cerf
942
_c
LIB
999
_c
15901
_d
15901